[Event "TUR-chT2"]
[Site "Konya"]
[Date "2017.07.15"]
[Round "9.23"]
[White "Satilmis, Recep Can"]
[Black "Ayan, Hasan Burak"]
[Result "1-0"]
[WhiteElo "1362"]
[BlackElo "1280"]
[PlyCount "71"]
[EventDate "2017.07.09"]
[EventType "team-swiss"]
[EventRounds "9"]
[EventCountry "TUR"]
[SourceTitle "CBM 179 Extra"]
[Source "ChessBase"]
[SourceDate "2017.08.23"]
[SourceVersion "1"]
[SourceVersionDate "2017.08.23"]
[SourceQuality "1"]
[WhiteTeam "Genclik Deha"]
[BlackTeam "Karaman Idman Yurdu"]
[WhiteTeamCountry "TUR"]
[BlackTeamCountry "TUR"]

1. e4 g6 2. d4 d6 3. Bc4 Bg7 4. Ne2 e5 5. Be3 Nf6 6. f3 Nbd7 7. 0-0 Qe7 8. Nbc3 Nb6 9. Bb3 exd4 10. Nxd4 Be6 11. Nxe6 fxe6 12. Qe2 0-0 13. Rad1 Nh5 14. Qd2 Kh8 15. Bg5 Bf6 16. Bh6 Bg7 17. Qg5 Nf6 18. Bxg7+ Kxg7 19. e5 dxe5 20. Qxe5 Kf7 21. Rfe1 Nbd5 22. Ne4 Ke8 23. Bxd5 Nxd5 24. Rxd5 Rf5 25. Qh8+ Rf8 26. Qc3 exd5 27. Nf6+ Rxf6 28. Rxe7+ Kxe7 29. Qxc7+ Kf8 30. Qxh7 Re8 31. Qxb7 Re2 32. Qxd5 Rxc2 33. Qa8+ Kg7 34. Qxa7+ Kh6 35. Qe3+ g5 36. h4 1-0